| 000 | 00583nam a2200145Ia 4500 | ||
|---|---|---|---|
| 008 | 100122s9999 xx 000 0 und d | ||
| 082 |
_b49959 _a823.08 |
||
| 100 | _aगुर्जर अनिल | ||
| 245 | _aहिचकॉकच्या गाजलेल्या गूढ कथा | ||
| 260 |
_bनिशिगंधा प्रकाशन _c1994 |
||
| 300 | _a152 | ||
| 630 | _aहिचकॉकच्या गाजलेल्या गूढ कथा | ||
| 730 | _aहिचकॉकच्या गाजलेल्या गूढ कथा | ||
| 942 | _cBOOK | ||
| 999 |
_c427766 _d427763 |
||